Dược lực học; T2

Enregistré dans:
Détails bibliographiques
Auteur principal: Trường Đại học Y khoa Hà Nội
Format: Livre
Langue:Undetermined
Publié: Hà Nội Y học 1979
Sujets:
Tags: Ajouter un tag
Pas de tags, Soyez le premier à ajouter un tag!
Thư viện lưu trữ: Trung tâm Học liệu Trường Đại học Cần Thơ
LEADER 00558nam a2200181Ia 4500
001 CTU_7383
008 210402s9999 xx 000 0 und d
082 |a 615.1 
082 |b B450/T2 
100 |a Trường Đại học Y khoa Hà Nội 
245 0 |a Dược lực học; T2 
245 0 |c Trường Đại học Y khoa Hà Nội 
260 |a Hà Nội 
260 |b Y học 
260 |c 1979 
650 |a drugs,pharmacology 
904 |i Nguyễn Quang Điền, 960819 
980 |a Trung tâm Học liệu Trường Đại học Cần Thơ